|
|
|
|
| LEADER |
00673nam a22001694a 4500 |
| 008 |
140520n ii |||gr||||Z||||||eng |
| 082 |
|
|
|a A
|
| 100 |
|
|
|a Young, Pauline V and Schmid,Calvin F.
|
| 245 |
1 |
|
|a Scientific Social Surveys and Research
|
| 250 |
|
|
|a 1968.
|
| 260 |
|
|
|a New Delhi:
|b Prentice-Hall of India Private Ltd.,
|c 1968.
|
| 300 |
|
|
|a XVI;576p.
|
| 630 |
|
|
|a Statistics, Field Obervation in Social Research, The use of case data in Social Research.
|
| 852 |
|
|
|t 1
|p STA05078
|a S- 20 R- 2
|b General
|k A8 Y
|f 00000
|
| 942 |
|
|
|c BK
|
| 999 |
|
|
|c 218672
|d 218672
|
| 952 |
|
|
|0 0
|1 0
|4 0
|6 A_8_000000000000000_Y
|7 0
|9 232814
|a STA
|b STA
|d 2019-12-11
|l 0
|o A8 Y
|p STA05078
|r 2019-12-11
|t 1
|w 2019-12-11
|y BK
|